000 01462cam a2200445 a 4500
001 14958825
003 OSt
005 20140310184352.0
008 070809s2008 nyu c 000 1 eng
010 _a 2007027836
020 _a9780545039475
020 _a0545039479
035 _a(OCoLC)ocn163625189
035 _a(OCoLC)163625189
040 _aDLC
_cDLC
_dDLC
042 _alcac
050 0 0 _aPZ 7
_b.C11165Mov 2009
100 1 _aCabot, Meg.
_924286
245 1 0 _aMoving day /
_cMeg Cabot.
250 _a1st ed.
260 _aNew York :
_bScholastic Press,
_c2009.
300 _a228 p. :
_c20 cm.
490 0 _aAllie Finkle's rules for girls ;
_vbk. 1
521 _aG6
526 _c850
650 1 _aMoving, Household
_vFiction.
_925241
650 1 _aRules (Philosophy)
_vFiction.
_925242
650 1 _aBest friends
_vFiction.
_925243
650 1 _aFriendship
_vFiction.
_925244
650 1 _aFamily life
_vFiction.
_925245
650 1 _aSchools
_vFiction.
_925246
650 1 _aBehavior
_vFiction.
_925247
800 1 _aCabot, Meg.
_tAllie Finkle's rules for girls ;
_vbk. 1.
_925248
856 4 2 _3Publisher description
_uhttp://www.loc.gov/catdir/enhancements/fy1112/2007027836-d.html
906 _a7
_bcbc
_corignew
_d1
_eecip
_f20
_gy-gencatlg
942 _2lcc
_cBK-SCHOLAS
999 _c33959
_d33959